Piosenki Linkin Park - nagła śmierć - Statystyki

Ogólne statystyki
  • Ten quiz został rozwiązany 265 razy
  • Średni wynik to 7 z 16
Answers on the Grid
Answers color-coded by a green-red scale on the quiz's grid according to % correct below.
Numb
Monster
Prayer
Bleed It Out
Runaway
Forgotten
One Last Breath
Shadows
Burn It Down
In Pieces
What I've Done
Overload
Without You
Last Resort
Papercut
Crawling
Fade Away
Fallout
Before I Forget
All For You
Castle Of Glass
Faint
Bodies
Breaking The Silence
Until I Fall
I''l Be Gone
In The End
Rollin'
Let Me Go
One More Light
Heavy
Remember
 
Statystyki odpowiedzi
Odpowiedź % Poprawnych
Numb
98%
In The End
68%
What I've Done
64%
Bleed It Out
60%
Burn It Down
57%
Crawling
57%
Faint
49%
Castle Of Glass
48%
Papercut
48%
One More Light
38%
Runaway
31%
Heavy
26%
Forgotten
24%
In Pieces
21%
I''l Be Gone
18%
Fallout
6%
Nie znaleziono quizów pasujących do podanych kryteriów
Rozkład punktacji
Procent ludzi z każdym wynikiem
Percentyl według liczby udzielonych odpowiedzi
Twoja historia wyników
Nie rozwiązałeś tego quizu